00434cam a2200181ua 45000010005000000080039000050200015000440400009000590410008000680820008000761000025000842450036001092500009001452600030001543000010001846530036001946530022002307590141217n ii |||gr||||Z||||||ben a8177560743 cMAIN aben a920 aTagore, S.,eAuthor.1 aRabindranathcBy Supriya Tagore a1st. aCalcutta:bAnanda,c2011. a135p. aBiography, genealogy & insignia aBengali biography